[Event "4NCL Division 2a"]
[Site "Daventry, ENG"]
[Date "2020.01.11"]
[Round "3.18"]
[White "Parkhouse, Max"]
[Black "Davies, Merlin"]
[Result "0-1"]
[WhiteElo "1735"]
[BlackElo "1529"]
[PlyCount "58"]
[EventDate "2020.01.11"]
[WhiteTeam "Chessable White Rose 2"]
[BlackTeam "West is Best 1"]

1. d4 d5 2. Bf4 e6 3. e3 Bd6 4. Bg3 Nf6 5. Nf3 Nc6 6. c3 a6 7. a4 O-O 8. Bd3
Re8 9. Nbd2 Bxg3 10. hxg3 e5 11. dxe5 Nxe5 12. Nxe5 Rxe5 13. Qc2 g6 14. Nf3 Re7
15. O-O-O c5 16. Rh4 Qc7 17. Qd2 b5 18. Rdh1 h5 19. Qc2 Kg7 20. axb5 axb5 21.
Bxb5 Ne4 22. Kd1 Bf5 23. c4 Ra1+ 24. Ke2 Nxg3+ 25. fxg3 Bxc2 26. Rxa1 Qxg3 27.
Rg1 d4 28. Kd2 Qf2+ 29. Kc1 Rxe3 0-1

[Event "4NCL Division 2a"]
[Site "Daventry, ENG"]
[Date "2020.01.11"]
[Round "3.21"]
[White "Richardson, John R"]
[Black "Lewis, Andrew P"]
[Result "1-0"]
[WhiteElo "2297"]
[BlackElo "2253"]
[PlyCount "36"]
[EventDate "2020.01.11"]
[WhiteTeam "The ADs"]
[BlackTeam "Anglian Avengers"]

1. Nf3 Nf6 2. g3 g6 3. c4 Bg7 4. Bg2 O-O 5. d4 d6 6. Nc3 Nbd7 7. O-O e5 8. e4
exd4 9. Nxd4 Re8 10. Bh3 Nc5 11. Re1 Bd7 12. Nb3 Nxb3 13. Qxb3 Bc6 14. Bf4 Nd7
15. Qc2 a5 16. Nd1 Qf6 17. Be3 Ne5 18. Qe2 Qe6 {Unable to read scoresheets} 1-0

[Event "4NCL Division 2a"]
[Site "Daventry, ENG"]
[Date "2020.01.11"]
[Round "3.22"]
[White "Moore, Graham J"]
[Black "Swindells, Jonathan E"]
[Result "1-0"]
[WhiteElo "2254"]
[BlackElo "2290"]
[PlyCount "83"]
[EventDate "2020.01.11"]
[WhiteTeam "Anglian Avengers"]
[BlackTeam "The ADs"]

1. Nf3 Nf6 2. c4 g6 3. b4 Bg7 4. Bb2 O-O 5. g3 a5 6. b5 c6 7. Na3 d5 8. d3 Qd6
9. Qc1 Nbd7 10. Bg2 e5 11. O-O d4 12. c5 Qe7 13. bxc6 bxc6 14. Nc4 Nd5 15. Ba3
Nc3 16. Re1 Nb5 17. Rb1 Nxa3 18. Qxa3 Nxc5 19. Nfd2 Ra7 20. Bxc6 Bh3 21. Rb5
Na6 22. Rxa5 Qxa3 23. Rxa3 Rb8 24. Ra5 f6 25. Bb5 Rba8 26. Rb1 Nc7 27. Rxa7
Rxa7 28. a4 Nd5 29. Ne4 Bf5 30. Ncd6 Bxe4 31. dxe4 Bf8 32. Nc8 Rc7 33. exd5
Rxc8 34. Bc6 Rc7 35. a5 Kf7 36. Rb5 e4 37. Kf1 f5 38. a6 Ba3 39. Ra5 Bb2 40. a7
d3 41. a8=Q d2 42. Ba4 1-0

[Event "4NCL Division 2a"]
[Site "Daventry, ENG"]
[Date "2020.01.11"]
[Round "3.23"]
[White "Baker, Chris W"]
[Black "Walker, Martin G"]
[Result "1-0"]
[WhiteElo "2275"]
[BlackElo "2252"]
[PlyCount "105"]
[EventDate "2020.01.11"]
[WhiteTeam "The ADs"]
[BlackTeam "Anglian Avengers"]

1. d4 Nf6 2. Nf3 d5 3. c4 g6 4. e3 Bg7 5. Nc3 O-O 6. Qb3 dxc4 7. Bxc4 Nc6 8.
Be2 b6 9. Bd2 Bb7 10. O-O e6 11. Rfd1 Ne7 12. Rac1 Nd7 13. Qa3 a6 14. Be1 Nd5
15. Na4 Re8 16. b4 Rc8 17. Qb3 Qe7 18. Nb2 b5 19. a4 c6 20. Nd3 N5b6 21. a5 Nd5
22. Bd2 e5 23. Nfxe5 Nxe5 24. dxe5 Bxe5 25. Nxe5 Qxe5 26. Bf3 Rcd8 27. Be1 Qe6
28. Rd4 Ne7 29. Qd1 Qc8 30. Be4 h6 31. Bc3 Kh7 32. Bb2 Rg8 33. Rc5 Rxd4 34.
Bxd4 Qd7 35. Qf3 f5 36. Bc2 Nd5 37. Bb3 Re8 38. Bxd5 cxd5 39. Qg3 Bc6 40. h4
Qe6 41. Qc7+ Bd7 42. Qb7 Re7 43. Rc7 f4 44. exf4 Qg4 45. Be5 Qd1+ 46. Kh2 Qg4
47. Qb8 Qxh4+ 48. Kg1 Rxe5 49. fxe5 Qg4 50. Rc1 Bc6 51. Qd6 Bd7 52. Qxd5 h5 53.
Rc7 1-0

[Event "4NCL Division 2a"]
[Site "Daventry, ENG"]
[Date "2020.01.11"]
[Round "3.24"]
[White "Talsma, Paul"]
[Black "Duggan, John E"]
[Result "0-1"]
[WhiteElo "2163"]
[BlackElo "2207"]
[PlyCount "104"]
[EventDate "2020.01.11"]
[WhiteTeam "Anglian Avengers"]
[BlackTeam "The ADs"]

1. d4 Nf6 2. c4 e6 3. Nc3 Bb4 4. a3 Bxc3+ 5. bxc3 c5 6. e3 b6 7. Ne2 Bb7 8. Ng3
O-O 9. Bd3 d6 10. e4 Nc6 11. Bg5 h6 12. h4 Re8 13. Be3 Kf8 14. f3 e5 15. d5 Ne7
16. Qd2 Nfg8 17. Ne2 Ng6 18. g3 Qf6 19. Kf2 Bc8 20. Raf1 Qe7 21. Kg1 h5 22. Rf2
f6 23. Rg2 Nh8 24. g4 hxg4 25. fxg4 Nf7 26. Rh3 Ngh6 27. Rhg3 g5 28. hxg5 fxg5
29. Rf3 Kg7 30. Rf5 Bxf5 31. gxf5 g4 32. Ng3 Qh4 33. f6+ Kh7 34. Nf5 Nxf5 35.
Rh2 Qxh2+ 36. Kxh2 Nxe3 37. Qxe3 Kg6 38. Qf2 Rh8+ 39. Kg2 Rh5 40. Be2 Rah8 41.
Qg3 Kxf6 42. Kf2 Rh4 43. Ke1 Ng5 44. Qf2+ Nf3+ 45. Bxf3 gxf3 46. Qxf3+ Rf4 47.
Qg2 Rhh4 48. Kd2 Rxe4 49. Qg8 Rh2+ 50. Kd3 Ree2 51. Qf8+ Kg5 52. Qg7+ Kf4 0-1

[Event "4NCL Division 2a"]
[Site "Daventry, ENG"]
[Date "2020.01.11"]
[Round "3.25"]
[White "Snape, Ian L"]
[Black "Moore, Geoffrey R"]
[Result "1/2-1/2"]
[WhiteElo "2207"]
[BlackElo "2050"]
[PlyCount "56"]
[EventDate "2020.01.11"]
[WhiteTeam "The ADs"]
[BlackTeam "Anglian Avengers"]

1. c4 e6 2. Nf3 d5 3. d4 c5 4. cxd5 exd5 5. g3 Nf6 6. Bg2 Nc6 7. O-O Be7 8. Nc3
O-O 9. Bg5 c4 10. Ne5 Be6 11. f4 h6 12. Bxf6 Bxf6 13. f5 Bxe5 14. dxe5 Qb6+ 15.
Kh1 Qxb2 16. Rc1 Nxe5 17. Rc2 Qa3 18. fxe6 fxe6 19. Rxf8+ Rxf8 20. Qd4 Nc6 21.
Qg4 Qe7 22. Rc1 a6 23. Nxd5 exd5 24. Bxd5+ Kh7 25. Bxc6 bxc6 26. Qxc4 Qe3 27.
Rd1 Re8 28. Rf1 Qe4+ 1/2-1/2

[Event "4NCL Division 2a"]
[Site "Daventry, ENG"]
[Date "2020.01.11"]
[Round "3.26"]
[White "Myall, Ivan J"]
[Black "Bellin, Jana M"]
[Result "1/2-1/2"]
[WhiteElo "2050"]
[BlackElo "2080"]
[PlyCount "54"]
[EventDate "2020.01.11"]
[WhiteTeam "Anglian Avengers"]
[BlackTeam "The ADs"]

1. d4 Nf6 2. Bf4 b6 3. e3 Bb7 4. Nf3 g6 5. Nbd2 Bg7 6. c3 O-O 7. Bd3 d6 8. h3
c5 9. O-O Nc6 10. Qe2 Qc7 11. dxc5 bxc5 12. e4 Nh5 13. Bh2 Rfd8 14. Bc4 e6 15.
Rfd1 Na5 16. Bd3 Bh6 17. g3 Nc6 18. Nc4 d5 19. Ne3 Qe7 20. Ng4 Bg7 21. exd5
exd5 22. Qxe7 Nxe7 23. Re1 Nc6 24. Nfe5 Nf6 25. Nxc6 Bxc6 26. Ne5 Ba4 27. g4
Nd7 1/2-1/2

[Event "4NCL Division 2a"]
[Site "Daventry, ENG"]
[Date "2020.01.11"]
[Round "3.27"]
[White "Tombolis, Christopher"]
[Black "Sheerin, Alex"]
[Result "1-0"]
[WhiteElo "2102"]
[BlackElo "2027"]
[PlyCount "65"]
[EventDate "2020.01.11"]
[WhiteTeam "The ADs"]
[BlackTeam "Anglian Avengers"]

1. d4 d5 2. c4 e6 3. Nc3 c5 4. e3 Nf6 5. cxd5 exd5 6. Nf3 Nc6 7. h3 Bf5 8. Bb5
a6 9. Bxc6+ bxc6 10. O-O Bd6 11. Na4 c4 12. Ne5 Qc7 13. f4 O-O 14. b3 cxb3 15.
axb3 Ne4 16. Ba3 Bxa3 17. Rxa3 Qd6 18. Qc1 f6 19. Nf3 Rfb8 20. Nc5 Rb6 21. Nd2
Ng3 22. Re1 Bc8 23. Qc3 Nf5 24. Ra4 Rab8 25. e4 dxe4 26. Nc4 Qxf4 27. Nxb6 Rxb6
28. Rxe4 Qc7 29. Qc4+ Kf8 30. Nxa6 Rxa6 31. Rxa6 Nd6 32. Rxc6 Qd7 33. Rxd6 1-0

[Event "4NCL Division 2a"]
[Site "Daventry, ENG"]
[Date "2020.01.11"]
[Round "3.28"]
[White "Heffer, Judith"]
[Black "Walsh, Marcus"]
[Result "0-1"]
[WhiteElo "1598"]
[BlackElo "2005"]
[PlyCount "50"]
[EventDate "2020.01.11"]
[WhiteTeam "Anglian Avengers"]
[BlackTeam "The ADs"]

1. e4 c5 2. c3 Nf6 3. e5 Nd5 4. Nf3 Nc6 5. d4 cxd4 6. cxd4 d6 7. Bc4 Nb6 8. Bb3
d5 9. Nh4 e6 10. Nf3 Be7 11. O-O Bd7 12. Nc3 Rc8 13. Qe2 Na5 14. Bc2 Nac4 15.
a4 Bb4 16. Qd3 Qc7 17. Na2 Be7 18. Nc3 Bb4 19. Na2 Nxb2 20. Bxb2 Qxc2 21. Nxb4
Qxb2 22. Rfb1 Qc3 23. a5 Na4 24. Qe2 O-O 25. h4 b6 0-1

[Event "4NCL Division 2a"]
[Site "Daventry, ENG"]
[Date "2020.01.11"]
[Round "3.31"]
[White "Cumming, Rhys"]
[Black "Pitcher, John"]
[Result "1/2-1/2"]
[WhiteElo "2289"]
[BlackElo "2241"]
[PlyCount "151"]
[EventDate "2020.01.11"]
[WhiteTeam "Sussex Martlets 1"]
[BlackTeam "Warwickshire Select 1"]

1. e4 c5 2. Nf3 e6 3. d4 cxd4 4. Nxd4 Nc6 5. Nc3 Qc7 6. Be3 a6 7. Qd2 Nf6 8.
O-O-O Be7 9. f3 h5 10. Nxc6 bxc6 11. Bf4 e5 12. Bg5 Bb7 13. Bc4 Rd8 14. Bb3 d6
15. h4 a5 16. Kb1 Kf8 17. Qe2 Bc8 18. g4 g6 19. Rhf1 Kg7 20. Bxf6+ Bxf6 21. g5
Be7 22. f4 Bg4 23. fxe5 d5 24. Qf2 Rhf8 25. Rd3 a4 26. Bxa4 d4 27. Rxd4 Qxe5
28. Rxd8 Bxd8 29. Bxc6 f6 30. Bd5 Be7 31. Qa7 fxg5 32. Rxf8 Kxf8 33. Qa8+ Kg7
34. hxg5 Bxg5 35. Qg8+ Kh6 36. Qf8+ Qg7 37. Qxg7+ Kxg7 38. e5 Bf4 39. e6 Kf6
40. Ne4+ Ke7 41. c4 h4 42. Kc2 g5 43. Kd3 Bf5 44. Ke2 g4 45. Nc3 Be5 46. a4 h3
47. Kf2 g3+ 48. Kg1 Bd4+ 49. Kh1 Bxe6 50. Ne2 g2+ 51. Bxg2 hxg2+ 52. Kxg2 Bxb2
53. Kf3 Bxc4 54. a5 Ke6 55. a6 Bxa6 56. Nf4+ Kf5 57. Ne2 Ke5 58. Ke3 Ba3 59.
Kf3 Bc5 60. Ng3 Bc4 61. Kg4 Bd5 62. Ne2 Bb3 63. Ng3 Bd1+ 64. Kg5 Bf3 65. Nf5
Bb6 66. Nh6 Be3+ 67. Kg6 Ke6 68. Kg7 Bh5 69. Kh7 Bg5 70. Kg7 Bf4 71. Ng8 Be3
72. Nh6 Bd4+ 73. Kf8 Bg6 74. Ng8 Be4 75. Nh6 Bc3 76. Ng8 1/2-1/2

[Event "4NCL Division 2a"]
[Site "Daventry, ENG"]
[Date "2020.01.11"]
[Round "3.32"]
[White "Mason, Donald J"]
[Black "Grant, David J"]
[Result "1/2-1/2"]
[WhiteElo "2125"]
[BlackElo "2207"]
[PlyCount "51"]
[EventDate "2020.01.11"]
[WhiteTeam "Warwickshire Select 1"]
[BlackTeam "Sussex Martlets 1"]

1. e4 c5 2. Nf3 d6 3. Bb5+ Nc6 4. O-O Bd7 5. c3 Nf6 6. Re1 a6 7. Bc4 Bg4 8. d4
cxd4 9. cxd4 e5 10. d5 Nd4 11. Be3 Rc8 12. Na3 Nxf3+ 13. gxf3 Bh3 14. f4 Qd7
15. f3 Be7 16. Bb3 exf4 17. Bb6 Bd8 18. Ba4 Bxb6+ 19. Kh1 Rc6 20. dxc6 bxc6 21.
e5 dxe5 22. Rxe5+ Kd8 23. Bxc6 Qxd1+ 24. Rxd1+ Kc7 25. Ba4 Ng4 26. Re7+ 1/2-1/2

[Event "4NCL Division 2a"]
[Site "Daventry, ENG"]
[Date "2020.01.11"]
[Round "3.33"]
[White "Brewer, Callum D"]
[Black "Shephard, Chris C W"]
[Result "0-1"]
[WhiteElo "2185"]
[BlackElo "2199"]
[PlyCount "70"]
[EventDate "2020.01.11"]
[WhiteTeam "Sussex Martlets 1"]
[BlackTeam "Warwickshire Select 1"]

1. e4 d6 2. d4 Nf6 3. Nc3 e5 4. Nge2 Be7 5. h3 Nbd7 6. g4 O-O 7. Bg2 c6 8. O-O
Re8 9. g5 Nh5 10. Bf3 Nf4 11. Nxf4 exf4 12. h4 f6 13. Bxf4 fxg5 14. hxg5 Nf8
15. Bg2 Bxg5 16. Bxg5 Qxg5 17. f4 Qh6 18. Qd3 Ne6 19. f5 Ng5 20. Rae1 Bd7 21.
Qg3 Rf8 22. Nd1 Rae8 23. Nf2 Nf7 24. Nh3 Qf6 25. c3 Re7 26. Rf4 c5 27. Nf2 cxd4
28. cxd4 Nh6 29. Rd1 Bc6 30. Rh4 Nxf5 31. exf5 Bxg2 32. Kxg2 Qxf5 33. Rd2 Qa5
34. Qc3 Qg5+ 35. Kh3 Re3+ 0-1

[Event "4NCL Division 2a"]
[Site "Daventry, ENG"]
[Date "2020.01.11"]
[Round "3.34"]
[White "Fallowfield, Jeremy R"]
[Black "Graham, David B"]
[Result "1/2-1/2"]
[WhiteElo "2177"]
[BlackElo "2260"]
[PlyCount "85"]
[EventDate "2020.01.11"]
[WhiteTeam "Warwickshire Select 1"]
[BlackTeam "Sussex Martlets 1"]

1. d4 Nf6 2. c4 g6 3. g3 Bg7 4. Bg2 d6 5. Nf3 O-O 6. Nc3 Nc6 7. O-O Bg4 8. d5
Na5 9. Nd2 c5 10. Qc2 a6 11. h3 Bd7 12. b3 b5 13. Bb2 Rb8 14. Rab1 e5 15. dxe6
Bxe6 16. Nd5 Bxd5 17. cxd5 c4 18. b4 Nb7 19. a4 Qe7 20. e4 Rfc8 21. Bc3 bxa4
22. Qxa4 Nd7 23. Rfc1 a5 24. Bxg7 Kxg7 25. Nxc4 axb4 26. Qxb4 Nbc5 27. Qc3+ f6
28. Rxb8 Rxb8 29. Na5 Qe5 30. Qe3 Ra8 31. Nc4 Qe7 32. Qc3 Ne5 33. Ne3 Qa7 34.
Kh2 Ned3 35. Rc2 Rb8 36. Ng4 Qe7 37. Qd2 Rb1 38. Qh6+ Kg8 39. Ra2 Rb8 40. Qd2
h5 41. Ne3 Kg7 42. Nc4 Ne5 43. Ne3 1/2-1/2

[Event "4NCL Division 2a"]
[Site "Daventry, ENG"]
[Date "2020.01.11"]
[Round "3.35"]
[White "Bucher, Grant W"]
[Black "Galloway, Iain A"]
[Result "1/2-1/2"]
[WhiteElo "2107"]
[BlackElo "2127"]
[PlyCount "78"]
[EventDate "2020.01.11"]
[WhiteTeam "Sussex Martlets 1"]
[BlackTeam "Warwickshire Select 1"]

1. e4 c5 2. Nf3 d6 3. Bb5+ Nc6 4. O-O e6 5. Re1 Qc7 6. c3 a6 7. Bf1 g6 8. d4
Bg7 9. d5 Nd8 10. e5 dxe5 11. d6 Qd7 12. Nxe5 Bxe5 13. Rxe5 b6 14. Na3 Rb8 15.
Nc4 f6 16. Re1 Kf7 17. a4 b5 18. axb5 axb5 19. Na3 Ba6 20. Be3 Rc8 21. Be2 h5
22. Nc4 Bb7 23. Na3 Ba6 24. c4 b4 25. Nb5 Bxb5 26. cxb5 Nh6 27. Bc4 Nf5 28. Qb3
Nxd6 29. Red1 Qe7 30. Ra6 Nxc4 31. Qxc4 Nb7 32. Ra7 Rc7 33. b6 Rd7 34. Rc1 Qd8
35. Bxc5 Nxc5 36. Qxc5 Re8 37. Qxb4 Ree7 38. Rxd7 Rxd7 39. h3 Qb8 1/2-1/2

[Event "4NCL Division 2a"]
[Site "Daventry, ENG"]
[Date "2020.01.11"]
[Round "3.36"]
[White "Page, Mark E"]
[Black "Blake, J Morgan"]
[Result "1-0"]
[WhiteElo "2102"]
[BlackElo "2177"]
[PlyCount "59"]
[EventDate "2020.01.11"]
[WhiteTeam "Warwickshire Select 1"]
[BlackTeam "Sussex Martlets 1"]

1. e4 e6 2. d4 d5 3. Bd3 c5 4. exd5 exd5 5. Nf3 Nf6 6. O-O c4 7. Re1+ Be7 8.
Bf1 Bg4 9. b3 cxb3 10. axb3 O-O 11. h3 Bh5 12. g4 Bg6 13. Ne5 Nc6 14. Nxg6 fxg6
15. Bg2 Ne4 16. Bxe4 dxe4 17. Rxe4 Bh4 18. Be3 Qf6 19. Qe2 Rae8 20. Rxe8 Rxe8
21. c3 Bg5 22. Nd2 Bxe3 23. fxe3 h5 24. Rf1 Qh4 25. Qf3 Kh7 26. Kg2 Qg5 27. Re1
Qa5 28. Ne4 Rxe4 29. Qxe4 Qxc3 30. Re2 1-0

[Event "4NCL Division 2a"]
[Site "Daventry, ENG"]
[Date "2020.01.11"]
[Round "3.37"]
[White "Lunn, Matthew"]
[Black "Cooper, David M"]
[Result "1/2-1/2"]
[WhiteElo "2072"]
[BlackElo "2015"]
[PlyCount "46"]
[EventDate "2020.01.11"]
[WhiteTeam "Sussex Martlets 1"]
[BlackTeam "Warwickshire Select 1"]

1. d4 d5 2. c4 c6 3. Nf3 Nf6 4. e3 Bf5 5. Nc3 e6 6. Nh4 Be4 7. f3 Bg6 8. Qb3
Qc7 9. Bd2 Nbd7 10. cxd5 exd5 11. Nxg6 hxg6 12. O-O-O Bd6 13. h3 O-O-O 14. Kb1
Kb8 15. Rc1 Qb6 16. Qxb6 Nxb6 17. Bd3 Bc7 18. b4 a6 19. a4 Bd6 20. a5 Nc8 21.
Na4 Na7 22. Nc5 Nb5 23. Rhe1 Rhe8 1/2-1/2

[Event "4NCL Division 2a"]
[Site "Daventry, ENG"]
[Date "2020.01.11"]
[Round "3.38"]
[White "Dicen, Imogen"]
[Black "Graham, Cassie M"]
[Result "0-1"]
[WhiteElo "1840"]
[BlackElo "2050"]
[PlyCount "130"]
[EventDate "2020.01.11"]
[WhiteTeam "Warwickshire Select 1"]
[BlackTeam "Sussex Martlets 1"]

1. d4 Nf6 2. c4 g6 3. Nc3 d5 4. e3 Bg7 5. Nf3 O-O 6. Be2 c5 7. O-O dxc4 8. Bxc4
a6 9. b3 b5 10. Be2 Bb7 11. Bb2 Nbd7 12. Rc1 Rc8 13. Qd2 Qb6 14. Rfd1 cxd4 15.
exd4 Rfd8 16. h3 Nd5 17. Nxd5 Bxd5 18. Qe3 e6 19. Qd2 Qb7 20. Qe3 Nf6 21. Ne5
Bxg2 22. Kh2 Bd5 23. Rg1 Rxc1 24. Bxc1 Nd7 25. Rg3 Qc7 26. Nd3 Bf8 27. Kg1 Rc8
28. Bd1 Nf6 29. h4 Be4 30. Bd2 Bxd3 31. Qxd3 Nd5 32. h5 Bd6 33. Rg2 Nf4 34.
Bxf4 Bxf4 35. hxg6 hxg6 36. Qe2 Kg7 37. Qf3 Rd8 38. Rg4 Rxd4 39. Be2 Bh2+ 40.
Kg2 Rxg4+ 41. Qxg4 Be5 42. Qe4 Bf6 43. Qf3 Qa5 44. a4 bxa4 45. bxa4 Qxa4 46.
Qb7 a5 47. Bb5 Qg4+ 48. Kf1 Qd1+ 49. Kg2 Qd5+ 50. Qxd5 exd5 51. Ba4 Bc3 52. Kf3
Kf6 53. Bc2 Ke5 54. Ke3 g5 55. f3 d4+ 56. Ke2 Kf4 57. Kf2 f5 58. Ke2 g4 59.
fxg4 fxg4 60. Ba4 Kg3 61. Bc6 Kh2 62. Kf1 d3 63. Be4 d2 64. Ke2 g3 65. Bf3 g2
0-1

[Event "4NCL Division 2a"]
[Site "Daventry, ENG"]
[Date "2020.01.11"]
[Round "3.41"]
[White "Martin, Lewis"]
[Black "Moreby, James"]
[Result "0-1"]
[WhiteElo "2198"]
[BlackElo "2282"]
[PlyCount "46"]
[EventDate "2020.01.11"]
[WhiteTeam "Check Innmates"]
[BlackTeam "North East England"]

1. e4 c5 2. Nf3 d6 3. d4 cxd4 4. Nxd4 Nf6 5. Nc3 a6 6. Bg5 Nbd7 7. f4 Qb6 8. a3
e5 9. Nb3 h6 10. Bxf6 Nxf6 11. f5 Bd7 12. Qf3 Rc8 13. O-O-O Rxc3 14. bxc3 Bc6
15. Re1 Be7 16. Bc4 O-O 17. g4 Nxe4 18. Rhg1 Bg5+ 19. Kb2 Nd2 20. Qd3 e4 21.
Qe2 d5 22. Ka2 Nxc4 23. Rb1 Qc7 0-1

[Event "4NCL Division 2a"]
[Site "Daventry, ENG"]
[Date "2020.01.11"]
[Round "3.42"]
[White "Oyama, Akito"]
[Black "Truran, Michael C"]
[Result "1-0"]
[WhiteElo "2260"]
[BlackElo "2143"]
[PlyCount "57"]
[EventDate "2020.01.11"]
[WhiteTeam "North East England"]
[BlackTeam "Check Innmates"]

1. e4 c5 2. Nc3 e6 3. f4 Nf6 4. Nf3 Nc6 5. e5 Nd5 6. g3 Be7 7. Bg2 O-O 8. O-O
Nxc3 9. dxc3 f6 10. exf6 Bxf6 11. Be3 Be7 12. Qd3 d5 13. Rae1 Qd6 14. Bf2 Bd7
15. Re2 c4 16. Qd2 Bf6 17. Rfe1 Rfe8 18. Bh3 b5 19. Bd4 Kf7 20. g4 Bxd4+ 21.
cxd4 Kg8 22. Ne5 Nxe5 23. Rxe5 Qf8 24. g5 Qd6 25. Qe2 Kf7 26. Qh5+ Kg8 27. f5
g6 28. fxg6 Re7 29. Bxe6+ 1-0

[Event "4NCL Division 2a"]
[Site "Daventry, ENG"]
[Date "2020.01.11"]
[Round "3.43"]
[White "Richmond, Jane"]
[Black "Taylor, Adam A"]
[Result "1-0"]
[WhiteElo "2074"]
[BlackElo "2267"]
[PlyCount "105"]
[EventDate "2020.01.11"]
[WhiteTeam "Check Innmates"]
[BlackTeam "North East England"]

1. e4 c5 2. Nc3 e6 3. g3 Nc6 4. Bg2 g6 5. d3 Bg7 6. Be3 d6 7. Qd2 Nge7 8. h4 h5
9. Nge2 Nd4 10. Nf4 b5 11. Nd1 e5 12. Nh3 Bg4 13. Ng5 f6 14. c3 Ndc6 15. Nh3
Rb8 16. f4 b4 17. Ndf2 Be6 18. fxe5 Nxe5 19. Nf4 Bf7 20. O-O O-O 21. Ne2 Kh7
22. Nh3 bxc3 23. bxc3 Qa5 24. Qc2 Rb6 25. d4 Ng4 26. Bd2 Bc4 27. Nhf4 Rfb8 28.
Bc1 cxd4 29. cxd4 Rc8 30. Bf3 Bf7 31. Qd1 d5 32. Bd2 Qa3 33. Ng2 dxe4 34. Bxe4
f5 35. Bg5 Nd5 36. Rf3 Qd6 37. Rc1 Re8 38. Bd3 Rb2 39. Rc2 Rxc2 40. Bxc2 Nb4
41. Bb3 Bxb3 42. Rxb3 a5 43. Ngf4 Re4 44. a3 Bxd4+ 45. Nxd4 Rxd4 46. Qf3 Nc6
47. Rb7+ Kh8 48. Qc3 Nge5 49. Kg2 a4 50. Kh3 Kg8 51. Qc2 Nf3 52. Qa2+ Kh8 53.
Rh7+ 1-0

[Event "4NCL Division 2a"]
[Site "Daventry, ENG"]
[Date "2020.01.11"]
[Round "3.44"]
[White "Coathup, Roger H"]
[Black "Jones, Mark A"]
[Result "0-1"]
[WhiteElo "2230"]
[BlackElo "2095"]
[PlyCount "132"]
[EventDate "2020.01.11"]
[WhiteTeam "North East England"]
[BlackTeam "Check Innmates"]

1. d4 d5 2. c4 c6 3. Nf3 Nf6 4. e3 Bg4 5. cxd5 cxd5 6. Qa4+ Nbd7 7. Ne5 Bf5 8.
Nc3 e6 9. Be2 a6 10. f4 b5 11. Qd1 Nxe5 12. fxe5 Ne4 13. O-O Be7 14. a4 b4 15.
Nxe4 Bxe4 16. a5 O-O 17. Bd2 Qc7 18. Qc1 Qb7 19. Qe1 Rac8 20. Bd1 Qb5 21. Rf2
Bc2 22. Be2 Bd3 23. Bd1 Bc2 24. Be2 Bd3 25. Bd1 Rc7 26. Rf3 Rfc8 27. Rf2 Rb8
28. Bh5 f6 29. exf6 Bxf6 30. Bd1 e5 31. Ra4 exd4 32. Rxb4 Qe8 33. Rxb8 Qxb8 34.
exd4 Re7 35. Be3 Bxd4 36. Rf3 Qxb2 37. Qf2 Qxf2+ 38. Kxf2 Rxe3 39. Rxe3 Kf7 40.
Bf3 Bc4 41. g3 Kf6 42. Bg4 Bxe3+ 43. Kxe3 Ke5 44. Bf3 d4+ 45. Kd2 Kd6 46. h4 g6
47. Be4 Ke5 48. Bb7 Kf5 49. Bf3 Ke5 50. Bb7 Kd6 51. Be4 Kc5 52. g4 Kb4 53. g5
Kxa5 54. Bf3 Kb4 55. h5 Bf7 56. Be4 a5 57. Kd3 Kc5 58. Kc2 a4 59. Kb2 Kb4 60.
hxg6 Bxg6 61. Bf3 a3+ 62. Ka2 Bf7+ 63. Ka1 Kc3 64. Be4 Bg6 65. Bf3 d3 66. Bd1
d2 0-1

[Event "4NCL Division 2a"]
[Site "Daventry, ENG"]
[Date "2020.01.11"]
[Round "3.45"]
[White "Girdlestone, Paul C"]
[Black "Oswald, Graeme E"]
[Result "1-0"]
[WhiteElo "2008"]
[BlackElo "2152"]
[PlyCount "53"]
[EventDate "2020.01.11"]
[WhiteTeam "Check Innmates"]
[BlackTeam "North East England"]

1. d4 Nf6 2. c4 e6 3. Nc3 Bb4 4. e3 Nc6 5. Bd3 d5 6. cxd5 exd5 7. Nge2 O-O 8.
Bd2 Re8 9. Qc2 Bf8 10. a3 g6 11. h3 Ne7 12. g4 c6 13. f4 b5 14. f5 a5 15. Rf1
Bb7 16. fxg6 Nxg6 17. Ng3 b4 18. axb4 axb4 19. Rxa8 Bxa8 20. Nce2 Bb7 21. g5
Nd7 22. h4 c5 23. h5 Qxg5 24. hxg6 fxg6 25. Bb5 Bd6 26. Nf5 gxf5 27. Rg1 1-0

[Event "4NCL Division 2a"]
[Site "Daventry, ENG"]
[Date "2020.01.11"]
[Round "3.46"]
[White "Dargan, Paul A G"]
[Black "Richmond, Peter"]
[Result "1-0"]
[WhiteElo "2102"]
[BlackElo "2061"]
[PlyCount "105"]
[EventDate "2020.01.11"]
[WhiteTeam "North East England"]
[BlackTeam "Check Innmates"]

1. e4 e5 2. Nf3 d6 3. d4 exd4 4. Nxd4 g6 5. Nc3 Bg7 6. Be3 Nf6 7. Qd2 O-O 8.
O-O-O Re8 9. Bg5 h6 10. Bxh6 Nxe4 11. Nxe4 Rxe4 12. Bxg7 Kxg7 13. h4 Qf6 14. h5
Qf4 15. Qxf4 Rxf4 16. f3 Bd7 17. g3 Rf6 18. hxg6 fxg6 19. Re1 Nc6 20. Nxc6 Bxc6
21. Re7+ Rf7 22. Rh7+ Kxh7 23. Rxf7+ Kg8 24. Rxc7 Bxf3 25. Bc4+ d5 26. Bd3 Re8
27. Rxb7 Re1+ 28. Kd2 Rd1+ 29. Ke3 Be4 30. Rxa7 Re1+ 31. Kf2 Rh1 32. Bxe4 dxe4
33. Rc7 Rh2+ 34. Ke3 Rg2 35. Kxe4 Rxg3 36. Kf4 Rg1 37. a4 Kf8 38. a5 Ra1 39. b4
Ke8 40. c4 Kd8 41. Rb7 Kc8 42. Rb6 Rf1+ 43. Kg5 Rg1+ 44. Kf6 Kc7 45. c5 g5 46.
Kf5 g4 47. Kf4 Rg2 48. a6 Rg1 49. b5 g3 50. Rb7+ Kc8 51. c6 g2 52. Kg3 Ra1 53.
Kxg2 1-0

[Event "4NCL Division 2a"]
[Site "Daventry, ENG"]
[Date "2020.01.11"]
[Round "3.47"]
[White "Rabbitt, Michael"]
[Black "Dunn, Andrew"]
[Result "0-1"]
[WhiteElo "1994"]
[BlackElo "2132"]
[PlyCount "76"]
[EventDate "2020.01.11"]
[WhiteTeam "Check Innmates"]
[BlackTeam "North East England"]

1. e4 c6 2. Nc3 d5 3. Nf3 Bg4 4. h3 Bxf3 5. Qxf3 Nf6 6. e5 Nfd7 7. Qe2 e6 8. g3
c5 9. Bg2 Nc6 10. f4 Nd4 11. Qd1 Nf5 12. Qf3 Be7 13. d3 Nxg3 14. Rg1 Bh4 15.
Kd1 Nf5 16. Bd2 Qb6 17. Bf1 g6 18. b3 Rc8 19. Rh1 Qc6 20. Rg1 a6 21. Kc1 b5 22.
Kb2 Nb6 23. Rc1 b4 24. Ne2 a5 25. Bg2 a4 26. Rgd1 Be7 27. Be1 Qa8 28. Ra1 Qa6
29. Bf2 Rc7 30. Bf1 O-O 31. Ng3 Nxg3 32. Qxg3 Rfc8 33. Qg1 Rc6 34. Be2 c4 35.
dxc4 dxc4 36. Kb1 Nd5 37. Bxc4 Nc3+ 38. Kb2 a3+ 0-1

[Event "4NCL Division 2a"]
[Site "Daventry, ENG"]
[Date "2020.01.11"]
[Round "3.48"]
[White "Smith, Lynda"]
[Black "Bourne, Johnathan D"]
[Result "1/2-1/2"]
[WhiteElo "1937"]
[BlackElo "1906"]
[PlyCount "30"]
[EventDate "2020.01.11"]
[WhiteTeam "North East England"]
[BlackTeam "Check Innmates"]

1. f4 e5 2. e4 Nf6 3. Nc3 d5 4. exd5 exf4 5. Nf3 Bd6 6. Bc4 O-O 7. O-O Bg4 8.
d4 c6 9. dxc6 Nxc6 10. Nb5 Bb8 11. c3 a6 12. Na3 b5 13. Be2 b4 14. Nc2 bxc3 15.
bxc3 Re8 1/2-1/2

[Event "4NCL Division 2a"]
[Site "Daventry, ENG"]
[Date "2020.01.12"]
[Round "4.11"]
[White "Lewis, Andrew P"]
[Black "Rudd, Jack"]
[Result "1/2-1/2"]
[WhiteElo "2253"]
[BlackElo "2331"]
[PlyCount "87"]
[EventDate "2020.01.12"]
[WhiteTeam "Anglian Avengers"]
[BlackTeam "West is Best 1"]

1. c4 Nf6 2. Nc3 g6 3. e4 d6 4. d4 Bg7 5. Nf3 O-O 6. Be2 e5 7. O-O Nc6 8. d5
Ne7 9. Ne1 Nd7 10. Nd3 f5 11. f3 f4 12. Bd2 g5 13. Rc1 Rf6 14. c5 dxc5 15. Na4
b6 16. b4 c4 17. Ndc5 Nxc5 18. bxc5 b5 19. Nc3 a6 20. a4 Qe8 21. axb5 axb5 22.
d6 cxd6 23. Nxb5 d5 24. Nd6 Qc6 25. Nxc8 Qxc5+ 26. Kh1 Rxc8 27. exd5 Qxd5 28.
Bb4 Qe6 29. Rxc4 Nf5 30. Rxc8+ Qxc8 31. Qd5+ Kh8 32. Rd1 Nd4 33. Bd3 g4 34. Ra1
Qc6 35. Ra8+ Bf8 36. Qxe5 Qxa8 37. Qxf6+ Bg7 38. Qa6 Qxa6 39. Bxa6 gxf3 40.
gxf3 Nxf3 41. Bb7 Ne5 42. Bd5 Ng6 43. Be4 Be5 44. Bxg6 1/2-1/2